Situación actual de las ciencias sociales en México /
সংরক্ষণ করুন:
| প্রধান লেখক: | |
|---|---|
| বিন্যাস: | পাঠ্য |
| বিষয়গুলি: | |
| ট্যাগগুলো: |
ট্যাগ যুক্ত করুন
কোনো ট্যাগ নেই, প্রথমজন হিসাবে ট্যাগ করুন!
|
MARC
| LEADER | 00000 a a2200000 04500 | ||
|---|---|---|---|
| 001 | 5321 | ||
| 003 | |||
| 040 | |||
| 100 | |a Ornelas Delgado, Jaime | ||
| 245 | |a Situación actual de las ciencias sociales en México / |c Jaime Ornelas Delgado | ||
| 650 | |a CIENCIAS SOCIALES | ||
| 650 | |a FINES DE LA EDUCACION | ||
| 650 | |a TEORIA SOCIAL | ||
| 773 | |g número 300; páginas 56-64 | ||
| 999 | |c 31892 |d 31892 | ||
